| 000 | 00809nam a2200265Ia 4500 | ||
|---|---|---|---|
| 003 | OSt | ||
| 005 | 20220926034841.0 | ||
| 006 | a|||||r|||| 00| 0 | ||
| 007 | ta | ||
| 008 | 220923b |||||||| |||| 00| 0 eng d | ||
| 037 | _cGeneral Book | ||
| 040 |
_aRTL _cRTL _beng |
||
| 041 |
_2eng _aeng |
||
| 082 | _aV2.N68<--M57, L0/Q7D | ||
| 100 |
_aAhmad Aziz Ed. _9216894 |
||
| 245 | 0 | _aMuslim self statement in India and Pakistan 1857-1968 | |
| 260 |
_aWiesbaden _bOtto Harrassowitz Germany _c1970 |
||
| 300 |
_ax,240p. _ccm. |
||
| 490 | _aUniversity of California. | ||
| 500 | _aIndex:P.231-40 | ||
| 650 | _aIndian History | ||
| 700 |
_a Grunebaum Von Ed. _9341315 |
||
| 942 |
_hV2.N68<--M57, L0/Q7D _cGB _2CC |
||
| 999 |
_c660569 _d660569 |
||